000
00211nam a2200109Ia 4500
100
_a
LOUIS AUCHINCLOSS.
942
_c
BK
245
_a
THE RECTOR OF JUSTIN.
260
_b
#N/A
546
_a
ENGLISH
999
_c
35448
_d
35448